[Event "FRA-chT2 South 0607"]
[Site "France"]
[Date "2007.03.31"]
[Round "10.6"]
[White "Henneteau, Jeremie"]
[Black "Schoucair, Henry"]
[Result "1-0"]
[WhiteElo "2129"]
[BlackElo "2078"]
[PlyCount "81"]
[EventDate "2006.10.15"]
[EventType "team"]
[EventRounds "11"]
[EventCountry "FRA"]
[SourceTitle "EXT 2008"]
[Source "ChessBase"]
[SourceDate "2007.11.25"]
[SourceVersion "1"]
[SourceVersionDate "2007.11.25"]
[SourceQuality "1"]
[WhiteTeam "Grasse"]
[BlackTeam "Palavas les Flots"]
[WhiteTeamCountry "FRA"]
[BlackTeamCountry "FRA"]

1. d4 Nf6 2. c4 g6 3. Nc3 d5 4. e3 Bg7 5. Nf3 0-0 6. Qb3 dxc4 7. Bxc4 Nfd7 8. Ng5 e6 9. f4 Nb6 10. Be2 Nc6 11. Nf3 Bd7 12. 0-0 Qe7 13. a3 a5 14. Ne4 a4 15. Qc2 Na5 16. Nc5 Bc6 17. Bd2 Rfd8 18. Rac1 Rdc8 19. Ne5 Bd5 20. Bb4 Qe8 21. Qd2 Nb3 22. Nxb3 Bxb3 23. e4 Nd7 24. Nc4 Nf6 25. Bf3 b6 26. Ne5 Nd7 27. Nc6 Bf8 28. e5 Bd5 29. Bxd5 exd5 30. f5 Nb8 31. Bxf8 Qxf8 32. fxg6 hxg6 33. e6 f6 34. Nb4 c6 35. Qf4 Kg7 36. Rc3 Qe7 37. Nxd5 Qxe6 38. Nxb6 Na6 39. Nxa8 Rxa8 40. Re3 Qf7 41. Qd6 1-0

[Event "FRA-chT2C 0506"]
[Site "France"]
[Date "2005.11.20"]
[Round "3.6"]
[White "Poisson, Olivier"]
[Black "Henneteau, Jeremie"]
[Result "1-0"]
[WhiteElo "2141"]
[BlackElo "2129"]
[PlyCount "79"]
[EventDate "2005.10.27"]
[EventType "team"]
[EventRounds "11"]
[EventCountry "FRA"]
[SourceTitle "EXT 2006"]
[Source "ChessBase"]
[SourceDate "2005.11.24"]
[SourceVersion "1"]
[SourceVersionDate "2005.11.24"]
[SourceQuality "1"]
[BlackTeam "Grasse"]
[BlackTeamCountry "FRA"]

1. d4 Nf6 2. c4 e6 3. Nf3 d5 4. cxd5 exd5 5. Nc3 c6 6. Qc2 Bd6 7. Bg5 Nbd7 8. e3 0-0 9. Bd3 Re8 10. Bxh7+ Kh8 11. Bf5 Nf8 12. 0-0 Ne6 13. e4 dxe4 14. Nxe4 Be7 15. Rfe1 Nxe4 16. Bxe7 Qxe7 17. Rxe4 Qf6 18. Rae1 Rd8 19. Rh4+ Kg8 20. Bxe6 Bxe6 21. Qh7+ Kf8 22. a3 Ke7 23. Qh5 Rd5 24. Qg4 Re8 25. Qg3 Kd7 26. Rf4 Bf5 27. Ne5+ Kc8 28. Qc3 g5 29. Rf3 g4 30. Rfe3 Red8 31. b4 Rxd4 32. b5 Rd1 33. bxc6 Rxe1+ 34. Rxe1 b6 35. Qc4 Kc7 36. Qa6 Bc8 37. Qxa7+ Kd6 38. Nxf7+ Kxc6 39. Rc1+ Kb5 40. Rb1+ 1-0

[Event "Martinez op-A"]
[Site "Cannes"]
[Date "2000.08.04"]
[Round "7"]
[White "Gentilleau, Jean Philippe"]
[Black "Henneteau, Jeremie"]
[Result "1/2-1/2"]
[WhiteElo "2177"]
[BlackElo "2049"]
[PlyCount "39"]
[EventDate "2000.07.29"]
[EventType "swiss"]
[EventRounds "9"]
[EventCountry "FRA"]
[SourceTitle "EXT 2001"]
[Source "ChessBase"]
[SourceDate "2000.11.22"]
[SourceVersion "1"]
[SourceVersionDate "2000.11.22"]
[SourceQuality "1"]

1. c4 e5 2. g3 Nc6 3. Bg2 g6 4. Nc3 Bg7 5. d3 h6 6. Rb1 a5 7. a3 Nf6 8. e3 0-0 9. Nge2 d6 10. 0-0 Ne7 11. Nd5 c6 12. Nxf6+ Bxf6 13. e4 Bg7 14. Qc2 Be6 15. b4 Qd7 16. bxa5 Rxa5 17. Qb2 Rb8 18. Qb4 Ra6 19. Bb2 c5 20. Qd2 1/2-1/2

[Event "Martinez op-A"]
[Site "Cannes"]
[Date "2000.08.02"]
[Round "5"]
[White "Henneteau, Jeremie"]
[Black "Ferrigno, Jean Pierre"]
[Result "1/2-1/2"]
[WhiteElo "2049"]
[BlackElo "2144"]
[PlyCount "50"]
[EventDate "2000.07.29"]
[EventType "swiss"]
[EventRounds "9"]
[EventCountry "FRA"]
[SourceTitle "EXT 2001"]
[Source "ChessBase"]
[SourceDate "2000.11.22"]
[SourceVersion "1"]
[SourceVersionDate "2000.11.22"]
[SourceQuality "1"]

1. d4 e6 2. c4 c5 3. d5 exd5 4. cxd5 d6 5. Nc3 g6 6. e4 a6 7. a4 Bg7 8. f4 Bd4 9. Nf3 Bg4 10. h3 Bxf3 11. Qxf3 Nd7 12. Bd3 Qh4+ 13. g3 Qf6 14. Bd2 Ne7 15. a5 0-0 16. Kf1 b5 17. axb6 Rfb8 18. Kg2 Rxb6 19. Ra2 Rab8 20. Rb1 a5 21. Qe2 Rb3 22. Bc2 R3b7 23. Bd3 Rb3 24. Bc2 R3b7 25. Bd3 Rb3 1/2-1/2

[Event "Martinez op-A"]
[Site "Cannes"]
[Date "2000.07.30"]
[Round "2"]
[White "Henneteau, Jeremie"]
[Black "Ricci, Marco"]
[Result "1-0"]
[WhiteElo "2049"]
[BlackElo "2155"]
[PlyCount "51"]
[EventDate "2000.07.29"]
[EventType "swiss"]
[EventRounds "9"]
[EventCountry "FRA"]
[SourceTitle "EXT 2001"]
[Source "ChessBase"]
[SourceDate "2000.11.22"]
[SourceVersion "1"]
[SourceVersionDate "2000.11.22"]
[SourceQuality "1"]

1. d4 Nf6 2. c4 g6 3. Nc3 Bg7 4. e4 d6 5. f4 0-0 6. Nf3 c5 7. d5 e6 8. Be2 exd5 9. cxd5 Re8 10. e5 dxe5 11. fxe5 Ng4 12. Bg5 Qb6 13. 0-0 Nxe5 14. Nxe5 Bxe5 15. Bc4 Qb4 16. Qf3 f5 17. Qd3 Nd7 18. d6+ Kg7 19. Nd5 Qxb2 20. Nc7 Qd4+ 21. Qxd4 Bxd4+ 22. Kh1 Re4 23. Rae1 Rxe1 24. Rxe1 Rb8 25. Re7+ Kh8 26. Re8+ 1-0

[Event "Cannes op"]
[Site "Cannes"]
[Date "2000.02.24"]
[Round "5"]
[White "Smith, Andrew Philip"]
[Black "Henneteau, Jeremie"]
[Result "1-0"]
[WhiteElo "2231"]
[BlackElo "2091"]
[PlyCount "65"]
[EventDate "2000.02.20"]
[EventType "swiss"]
[EventRounds "9"]
[EventCountry "FRA"]
[SourceTitle "EXT 2001"]
[Source "ChessBase"]
[SourceDate "2000.11.22"]
[SourceVersion "1"]
[SourceVersionDate "2000.11.22"]
[SourceQuality "1"]

1. e4 e6 2. d4 d5 3. Nc3 Nf6 4. e5 Nfd7 5. Qh5 c5 6. Nf3 g6 7. Qg4 a6 8. Bg5 Qb6 9. 0-0-0 Nc6 10. dxc5 Qxc5 11. Qg3 b5 12. Bd3 Bg7 13. Rhe1 Bb7 14. h4 h5 15. Kb1 Rc8 16. Qf4 Nb4 17. Rc1 Nc6 18. Re2 b4 19. Na4 Qa5 20. b3 Na7 21. Nd4 0-0 22. Bh6 Nc6 23. Nf3 Ne7 24. Bxg7 Kxg7 25. g4 hxg4 26. Qxg4 Rh8 27. Ng5 Bc6 28. Rg1 Nf5 29. Nxe6+ fxe6 30. Qxg6+ Kf8 31. Bxf5 exf5 32. e6 Ke7 33. exd7+ 1-0